<?xml version="1.0" encoding="UTF-8"?><?xml-stylesheet type="text/xsl" href="static/style.xsl"?><OAI-PMH xmlns="http://www.openarchives.org/OAI/2.0/" xmlns:xsi="http://www.w3.org/2001/XMLSchema-instance" xsi:schemaLocation="http://www.openarchives.org/OAI/2.0/ http://www.openarchives.org/OAI/2.0/OAI-PMH.xsd"><responseDate>2026-06-03T01:31:14Z</responseDate><request verb="GetRecord" identifier="oai:riuma.uma.es:10630/9535" metadataPrefix="marc">https://riuma.uma.es/rest/oai/request</request><GetRecord><record><header><identifier>oai:riuma.uma.es:10630/9535</identifier><datestamp>2026-02-03T12:52:20Z</datestamp><setSpec>com_10630_5701</setSpec><setSpec>com_10630_3139</setSpec><setSpec>com_10630_10</setSpec><setSpec>col_10630_9188</setSpec></header><metadata><record xmlns="http://www.loc.gov/MARC21/slim" xmlns:dcterms="http://purl.org/dc/terms/" xmlns:doc="http://www.lyncode.com/xoai" xmlns:xsi="http://www.w3.org/2001/XMLSchema-instance" xsi:schemaLocation="http://www.loc.gov/MARC21/slim http://www.loc.gov/standards/marcxml/schema/MARC21slim.xsd">
   <leader>00925njm 22002777a 4500</leader>
   <datafield ind2=" " ind1=" " tag="042">
      <subfield code="a">dc</subfield>
   </datafield>
   <datafield ind2=" " ind1=" " tag="720">
      <subfield code="a">León-Vegas, Milagros</subfield>
      <subfield code="e">author</subfield>
   </datafield>
   <datafield ind2=" " ind1=" " tag="260">
      <subfield code="c">2002</subfield>
   </datafield>
   <datafield ind2=" " ind1=" " tag="520">
      <subfield code="a">El cabildo antequerano, ante las penosas condiciones de vida sufridas en la cárcel de la ciudad, actuó promoviendo la creación de una corporación de laicos, que bajo la intitulación de de la Cofradía  de los Pobres de la Cárcel se encargó, a partir de las postrimerías del siglo XVI, de dar alimento, asistencia médica y espiritual, a aquellos reos sin medios para financiarse su propia subsistencia dentro de la prisión. En el presente artículo analizaremos el reglamento del cual se dota dicha cofradía, la condición social de los hermanos, así como las vicisitudes planteadas por el contexto político-económico de la época, intentando establecer analogías con su homónima, constituida unos años antes en la capital malagueña. Las fuentes documentales utilizadas se conservan en el Archivo Histórico Municipal de Antequera. Concretamente, haremos referencia a las Actas Capitulares, desde el año de la fundación en 1595, hasta bien entrado el siglo XVII, y a los inventarios de penados y cofrades, incluidos ambos en la Sección de Cárcel Pública.</subfield>
   </datafield>
   <datafield ind1="8" ind2=" " tag="024">
      <subfield code="a">Baetica 24, 2002, p. 355-375.</subfield>
   </datafield>
   <datafield ind1="8" ind2=" " tag="024">
      <subfield code="a">0212-5099</subfield>
   </datafield>
   <datafield ind1="8" ind2=" " tag="024">
      <subfield code="a">http://hdl.handle.net/10630/9535</subfield>
   </datafield>
   <datafield tag="653" ind2=" " ind1=" ">
      <subfield code="a">Cofradías - Antequera  - S. XVI-XVII</subfield>
   </datafield>
   <datafield ind2="0" ind1="0" tag="245">
      <subfield code="a">La Hermandad de los Pobres de la Cárcel en Antequera (siglos XVI-XVII)</subfield>
   </datafield>
</record>
</metadata></record></GetRecord></OAI-PMH>